Úloha extracelulárnych vezikúl v rozvoji rezistencie na hypometylačnú liečbu

Enregistré dans:
Détails bibliographiques
Auteur principal: Balúnová, Monika (Auteur)
Autres auteurs: Messingerová, Lucia (Directeur de thèse)
Format: Manuscrit Livre
Langue:slovaque
Publié: 2023
Sujets:
Accès en ligne:http://is.stuba.sk/zp/portal_zp.pl?podrobnosti=162455
Tags: Ajouter un tag
Pas de tags, Soyez le premier à ajouter un tag!

MARC

LEADER 00000ntm a22000003a 4500
001 stuzp93414
003 SK-STU
005 20230909214952.3
007 ta
008 150427s2015----xo-----f-mn---000-0-slo-d
040 |a STU  |b slo 
041 0 |a slo 
100 1 |a Balúnová, Monika  |u 043000  |4 aut  |U FCHPT Fakulta chemickej a potravinárskej technológie  |T FCHPT Ústav biochémie a mikrobiológie  |X 110615  |U C3000  |Y 101  |7 110615 
242 0 1 |a The role of extracellular vesicles in the development of resistance to hypomethylation therapy  |y eng 
245 1 0 |a Úloha extracelulárnych vezikúl v rozvoji rezistencie na hypometylačnú liečbu 
260 |c 2023 
650 4 |a extracelulárne vezikuly  |2 slo 
650 4 |a 5-aza-2-deoxycytidín  |2 slo 
650 4 |a 5-azacytidín  |2 slo 
650 4 |a myelodysplastický syndróm  |2 slo 
650 4 |a akútna myeloidná leukémia  |2 slo 
650 4 |a extracellular vesicles  |2 eng 
650 4 |a 5-azacytidin  |2 eng 
650 4 |a 5-aza-2-deoxycytidin  |2 eng 
650 4 |a myelodysplastic syndrome  |2 eng 
650 4 |a acute myeloid leukemia  |2 eng 
700 1 |a Messingerová, Lucia  |u 043000  |k Z2  |4 ths  |U FCHPT Fakulta chemickej a potravinárskej technológie  |T FCHPT Ústav biochémie a mikrobiológie  |X 8245  |U C3000  |Y 101  |7 8245 
856 4 |u http://is.stuba.sk/zp/portal_zp.pl?podrobnosti=162455